Statistics for Country Shapes Under the Sea

Click here to take the quiz!

General Stats

  • This quiz has been taken 22,488 times
  • The average score is 9 of 12

Answers on the Map

Answers color-coded by a green-red scale on the quiz's map according to % correct below.
Loading ...
 

Answer Stats

Answer% Correct
Norway
90%
Vietnam
90%
Austria
85%
Mali
83%
Morocco
82%
Papua New Guinea
82%
Peru
79%
Mongolia
78%
Panama
77%
Iran
66%
Portugal
56%
Algeria
53%

Score Distribution

Percentile by Number Answered

Percent of People with Each Score

Your Score History

You have not taken this quiz